Largest Landlocked United State Cities - Statistics

General Stats
  • This quiz has been taken 40 times
    19 since last reset
  • The average score is 46 of 50
Answers on the Map
Answers color-coded by a green-red scale on the quiz's map according to % correct below.
 
Answer Stats
Population State City % Correct
560,000 New Mexico Albuquerque
100%
506,000 Georgia Atlanta
100%
964,000 Texas Austin
100%
872,000 North Carolina Charlotte
100%
2,693,000 Illinois Chicago
100%
302,000 Ohio Cincinnati
100%
383,000 Ohio Cleveland
100%
892,000 Ohio Columbus
100%
1,350,000 Texas Dallas
100%
716,000 Colorado Denver
100%
672,000 Michigan Detroit
100%
682,000 Texas El Paso
100%
895,000 Texas Fort Worth
100%
876,000 Indiana Indianapolis
100%
491,000 Missouri Kansas City
100%
644,000 Nevada Las Vegas
100%
766,000 Kentucky Louisville
100%
650,000 Tennesee Memphis
100%
595,000 Wisconsin Milwaukee
100%
425,000 Minnesota Minneapolis
100%
694,000 Tennesee Nashville
100%
649,000 Oklahoma Oklahoma City
100%
468,000 Nebraska Omaha
100%
1,580,000 Pennsylvania Philadelphia
100%
1,680,000 Arizona Phoenix
100%
653,000 Oregon Portland
100%
508,000 California Sacramento
100%
302,000 Missouri Saint Louis
100%
1,530,000 Texas San Antonio
100%
472,000 Colorado Colorado Springs
94%
522,000 California Fresno
94%
301,000 Pennsylvania Pittsburgh
94%
304,000 Minnesota Saint Paul
94%
545,000 Arizona Tucson
94%
400,000 Oklahoma Tulsa
94%
381,000 Colorado Aurora
88%
469,000 North Carolina Raleigh
88%
389,000 Kansas Wichita
88%
310,000 Nevada Henderson
82%
289,000 Nebraska Lincoln
82%
508,000 Arizona Mesa
82%
352,000 California Anaheim
76%
398,000 Texas Arlington
76%
383,000 California Bakersfield
76%
294,000 North Carolina Greensboro
76%
318,000 Kentucky Lexington
76%
330,000 California Riverside
71%
332,000 California Santa Ana
71%
288,000 Texas Plano
65%
314,000 California Stockton
53%
No matching quizzes found
Score Distribution
Percent of People with Each Score
Percentile by Number Answered
Your Score History
You have not taken this quiz since the last reset